Gazdálkodás és háttérfolyamatok egy utazásközvetítő irodában
| Szerző: | |
|---|---|
| További közreműködők: | |
| Dokumentumtípus: | Projektmunka |
| Kulcsszavak: | back-office gazdálkodás Invia utazásirodák utazásközvetítő |
| Online Access: | http://dolgozattar.uni-bge.hu/59733 |
MARC
| LEADER | 00000nnm a2200000 i 4500 | ||
|---|---|---|---|
| 001 | dolg59733 | ||
| 005 | 20260409145505.0 | ||
| 008 | 260409suuuu hu o 000 hun d | ||
| 040 | |a BGE Dolgozattár Repozitórium |b hun | ||
| 041 | |a hu | ||
| 100 | 1 | |a Németh Maja | |
| 245 | 1 | 0 | |a Gazdálkodás és háttérfolyamatok egy utazásközvetítő irodában |c Németh Maja |h [elektronikus dokumentum] |
| 516 | |a Project_work | ||
| 520 | 3 | |a Dolgozatomban az utazási irodai gazdálkodás gyakorlati működését vizsgálom az Invia.hu Kft. példáján keresztül. A kutatás célja, hogy bemutassa, hogyan működik egy sikeres online utazásközvetítő iroda, különös figyelmet fordítva a back-office folyamatokra, mint például a pénzügyi és adminisztratív feladatok. Az Invia.hu működésének elemzésével rávilágítok a cég által alkalmazott üzleti modellekre, valamint az együttműködési rendszerekre, amelyek a szolgáltatások értékesítési mechanizmusát és a jutalékos rendszert magukban foglalják. A dolgozatban szereplő interjúk és a vállalati dokumentumok segítségével bemutatom az Invia.hu által alkalmazott operatív eljárásokat, valamint a legnagyobb kihívásokat és lehetőségeket, amelyekkel az utazásközvetítő irodák szembesülnek a dinamikusan változó turizmuspiacon. A kutatás eredményei hasznos információkkal szolgálnak mindazok számára, akik az utazási iparág működését és a digitális transzformáció hatásait szeretnék jobban megérteni. | |
| 695 | |a back-office | ||
| 695 | |a gazdálkodás | ||
| 695 | |a Invia | ||
| 695 | |a utazásirodák | ||
| 695 | |a utazásközvetítő | ||
| 700 | 1 | |a Kálmán István |e ths | |
| 856 | 4 | 0 | |u http://dolgozattar.uni-bge.hu/59733/1/Gazd%C3%A1lkod%C3%A1s%20%C3%A9s%20h%C3%A1tt%C3%A9rfolyamatok%20egy%20utaz%C3%A1sk%C3%B6zvet%C3%ADt%C5%91%20irod%C3%A1ban.pdf |z Dokumentum-elérés |
| 856 | 4 | 0 | |u http://dolgozattar.uni-bge.hu/59733/2/N%C3%A9met%20Maja%20Projektmunka%20b%C3%ADr%C3%A1lati%20lap.pdf |z Dokumentum-elérés |